[Event "CZE-chT3A Middle 0506  "]
[Site "Czech Republic"]
[Date "2006.01.08"]
[Round "5.4"]
[White "Vanecek, Jiri"]
[Black "Dbaly, Vaclav"]
[Result "0-1"]
[WhiteElo "2068"]
[BlackElo "1827"]
[PlyCount "70"]
[EventDate "2005.10.30"]
[EventType "team"]
[EventRounds "11"]
[EventCountry "CZE"]
[SourceTitle "EXT 2009"]
[Source "ChessBase"]
[SourceDate "2008.11.26"]
[SourceVersion "1"]
[SourceVersionDate "2008.11.26"]
[SourceQuality "1"]

1. e4 d6 2. Nc3 Nf6 3. f4 c5 4. Nf3 Nc6 5. Bc4 Bg4 6. d3 e6 7. h3 Bxf3 8. Qxf3 Nd4 9. Qf2 Be7 10. Be3 Nc6 11. Bb3 a6 12. 0-0 Qc7 13. f5 e5 14. a3 h6 15. Qg3 Bf8 16. Nd5 Nxd5 17. Bxd5 0-0-0 18. c4 Rg8 19. b4 g5 20. Rfb1 Rd7 21. b5 axb5 22. Rxb5 Kd8 23. Rab1 Qc8 24. Qf2 Ke8 25. Qb2 g4 26. hxg4 Rxg4 27. Rxb7 Rxb7 28. Qxb7 Qxb7 29. Rxb7 Nd8 30. Rc7 Be7 31. a4 Rg3 32. Kf2 Bh4 33. a5 f6 34. Kg1 Rxe3 35. a6 Bg3 0-1

[Event "CZE-chT3A Middle 0506  "]
[Site "Czech Republic"]
[Date "2005.11.13"]
[Round "2.5"]
[White "Rigo, Imrich"]
[Black "Dbaly, Vaclav"]
[Result "1-0"]
[WhiteElo "1993"]
[BlackElo "1827"]
[PlyCount "121"]
[EventDate "2005.10.30"]
[EventType "team"]
[EventRounds "11"]
[EventCountry "CZE"]
[SourceTitle "EXT 2009"]
[Source "ChessBase"]
[SourceDate "2008.11.26"]
[SourceVersion "1"]
[SourceVersionDate "2008.11.26"]
[SourceQuality "1"]

1. e4 d6 2. d4 Nf6 3. Nc3 g6 4. Be2 Bg7 5. h4 h5 6. Nh3 Nbd7 7. Ng5 c5 8. Be3 cxd4 9. Bxd4 0-0 10. f3 Ne5 11. Bxe5 dxe5 12. Qxd8 Rxd8 13. Bc4 e6 14. Rd1 Bd7 15. Ke2 Bh6 16. Nh3 Rac8 17. Bb3 b5 18. Nf2 Rc7 19. Nd3 Bg7 20. a4 a6 21. axb5 axb5 22. Na2 Kf8 23. Nab4 Ke7 24. Na6 Rc6 25. Ra1 Ne8 26. Nab4 Rb6 27. Ra7 Nd6 28. Nc5 Ke8 29. Rd1 Bf8 30. Rc7 Rbb8 31. c3 Rbc8 32. Nba6 Rxc7 33. Nxc7+ Ke7 34. N7a6 Bc8 35. Nb4 f5 36. Nc6+ Ke8 37. Nxd8 Kxd8 38. Nxe6+ Bxe6 39. Bxe6 Ke7 40. exf5 gxf5 41. Bd5 f4 42. b3 Kf6 43. Be4 Be7 44. Kf2 Ke6 45. g3 fxg3+ 46. Kxg3 Ne8 47. Bd5+ Kf5 48. Bc6 Nd6 49. Bd7+ Kf6 50. Rd5 e4 51. fxe4 Nxe4+ 52. Kf3 Nxc3 53. Rxh5 b4 54. Rf5+ Kg6 55. h5+ Kh6 56. Be8 Nb1 57. Rd5 Nc3 58. Rd7 Bf8 59. Kf4 Ne2+ 60. Kg4 Bc5 61. Bg6 1-0